<?xml version="1.0" encoding="UTF-8"?><?xml-stylesheet type="text/xsl" href="static/style.xsl"?><OAI-PMH xmlns="http://www.openarchives.org/OAI/2.0/" xmlns:xsi="http://www.w3.org/2001/XMLSchema-instance" xsi:schemaLocation="http://www.openarchives.org/OAI/2.0/ http://www.openarchives.org/OAI/2.0/OAI-PMH.xsd"><responseDate>2026-04-18T00:29:05Z</responseDate><request verb="GetRecord" identifier="oai:www.recercat.cat:10256/21666" metadataPrefix="marc">https://recercat.cat/oai/request</request><GetRecord><record><header><identifier>oai:recercat.cat:10256/21666</identifier><datestamp>2025-07-13T00:49:02Z</datestamp><setSpec>com_2072_452966</setSpec><setSpec>com_2072_2054</setSpec><setSpec>col_2072_452968</setSpec></header><metadata><record xmlns="http://www.loc.gov/MARC21/slim" xmlns:dcterms="http://purl.org/dc/terms/" xmlns:xsi="http://www.w3.org/2001/XMLSchema-instance" xmlns:doc="http://www.lyncode.com/xoai" xsi:schemaLocation="http://www.loc.gov/MARC21/slim http://www.loc.gov/standards/marcxml/schema/MARC21slim.xsd">
   <leader>00925njm 22002777a 4500</leader>
   <datafield ind2=" " ind1=" " tag="042">
      <subfield code="a">dc</subfield>
   </datafield>
   <datafield ind2=" " ind1=" " tag="720">
      <subfield code="a">Terrisse, Romane</subfield>
      <subfield code="e">author</subfield>
   </datafield>
   <datafield ind2=" " ind1=" " tag="720">
      <subfield code="a">Toulouse, Justine</subfield>
      <subfield code="e">author</subfield>
   </datafield>
   <datafield ind2=" " ind1=" " tag="260">
      <subfield code="c">2021-12-17</subfield>
   </datafield>
   <datafield ind2=" " ind1=" " tag="520">
      <subfield code="a">Introducción: La endometriosis es una enfermedad ginecológica crónica que afecta al 10% de las&#xd;
mujeres, de las cuales la mitad sufren dispareunia profunda. Está relacionada con la presencia&#xd;
anormal de tejido endometrial fuera del útero. La dispareunia, por su parte, se describe como un&#xd;
dolor coital y afecta entre el 3% y 18% de la población.&#xd;
Objetivo: Comparar la eficacia de la punción seca combinada con masaje perineal intra y extra&#xd;
vaginal frente al masaje perineal intra y extra vaginal para disminuir la intensidad del dolor, mejorar&#xd;
la función sexual y la calidad de vida de las mujeres con dispareunia por endometriosis.&#xd;
Metodología: Se realizará un ensayo clínico aleatorio controlado con un diseño analítico&#xd;
experimental longitudinal prospectivo, de tipo simple ciego. Se reclutarán 29 pacientes entre 18 y&#xd;
50 años con diagnóstico de dispareunia por endometriosis. Se asignarán de manera aleatoria en&#xd;
dos grupos : un grupo control (n=15) que recibirá masaje perineal intra y extra vaginal y un grupo&#xd;
de estudio (n=14) que recibirá masaje perineal intra y extra vaginal junto a punción seca.&#xd;
Por medio de las escalas Escala visual anologica (EVA), Índice de función sexual femenina (FSFI)&#xd;
y Cuestionario de la calidad de vida sexual femenina (SQOL-F), se llevará a cabo la evaluación&#xd;
pretest, postest, y seguimiento a los 3 meses del tratamiento. Se utilizará la prueba T de Student&#xd;
para analizar la relación entre el factor de estudio y la variable de respuesta</subfield>
   </datafield>
   <datafield tag="653" ind2=" " ind1=" ">
      <subfield code="a">Endometriosi -- Tractament</subfield>
   </datafield>
   <datafield tag="653" ind2=" " ind1=" ">
      <subfield code="a">Endometriosis -- Treatment</subfield>
   </datafield>
   <datafield tag="653" ind2=" " ind1=" ">
      <subfield code="a">Perineu -- Massatge</subfield>
   </datafield>
   <datafield tag="653" ind2=" " ind1=" ">
      <subfield code="a">Perineum -- Massage</subfield>
   </datafield>
   <datafield tag="653" ind2=" " ind1=" ">
      <subfield code="a">Músculs -- Punció</subfield>
   </datafield>
   <datafield tag="653" ind2=" " ind1=" ">
      <subfield code="a">Muscles -- Puncture</subfield>
   </datafield>
   <datafield ind2="0" ind1="0" tag="245">
      <subfield code="a">Eficacia de la punción seca combinada con masaje perineal intra y extra vaginal frente al masaje perineal intra y extra vaginal en el tratamiento de la dispareunia por endometriosis: ensayo clínico aleatorio controlado</subfield>
   </datafield>
</record></metadata></record></GetRecord></OAI-PMH>